|
|
|
|
| LEADER |
00909nab a2200253 i 4500 |
| 001 |
publ7581 |
| 005 |
20190614152917.0 |
| 008 |
170704s2016 hu o 0|| angol d |
| 022 |
|
|
|a 1944-3994
|
| 024 |
7 |
|
|a 10.1080/19443994.2016.1173386
|2 doi
|
| 024 |
7 |
|
|a 3054436
|2 mtmt
|
| 040 |
|
|
|a SZTE Publicatio Repozitórium
|b hun
|
| 041 |
|
|
|a angol
|
| 100 |
1 |
|
|a Kertész Szabolcs
|
| 245 |
1 |
0 |
|a Ultrasound membrane hybrid processes for dairy wastewater treatment
|h [elektronikus dokumentum] :
|b pilot-scale analysis /
|c Kertész Szabolcs
|
| 260 |
|
|
|c 2016
|
| 300 |
|
|
|a 23335-23342
|
| 490 |
0 |
|
|a DESALINATION AND WATER TREATMENT
|v 57 No. 48-49
|
| 700 |
0 |
1 |
|a Kovács Ildikó
|e aut
|
| 700 |
0 |
1 |
|a Hodúr Cecilia
|e aut
|
| 700 |
0 |
2 |
|a Keszthelyi-Szabó Gábor
|e aut
|
| 700 |
0 |
2 |
|a Veréb Gábor
|e aut
|
| 700 |
0 |
2 |
|a László Zsuzsanna
|e aut
|
| 856 |
4 |
0 |
|u http://publicatio.bibl.u-szeged.hu/7581/1/DWT_KERTESZ_2016.pdf
|z Dokumentum-elérés
|